|
|
|
|
| LEADER |
01079nam a2200265 a 4500 |
| 001 |
1688092 |
| 008 |
090730r20001984enk b 000 1 eng d |
| 010 |
|
|
|a 99186624
|
| 020 |
|
|
|a 0141182628
|
| 040 |
|
|
|a DLC
|c DLC
|d DLC
|
| 082 |
0 |
0 |
|a 823/.912
|2 21
|
| 100 |
1 |
|
|a Conrad, Joseph,
|d 1857-1924.
|
| 245 |
1 |
4 |
|a The secret agent :
|b a simple tale /
|c Joseph Conrad ; edited with an introduction and notes by Martin Seymour-Smith.
|
| 260 |
|
|
|a Oxford [England] ;
|a New York;
|a London :
|b Oxford University Press;
|b Penguin Books,
|c 1984[reprinted 2000].
|
| 300 |
|
|
|a 268 p. ;
|c 19 cm.
|
| 490 |
0 |
|
|a Penguin Classics.
|
| 541 |
1 |
|
|e 00010067
|
| 651 |
|
0 |
|a London (England)
|v Fiction.
|
| 650 |
|
0 |
|a Conspiracies
|v Fiction.
|
| 650 |
|
0 |
|a Anarchists
|v Fiction.
|
| 650 |
|
0 |
|a Bombings
|v Fiction.
|
| 700 |
1 |
|
|a Seymour-Smith,Martin.
|
| 852 |
4 |
|
|a Ayesha Abed Library
|j General Shelf.
|
| 999 |
|
|
|c 3093
|d 3093
|
| 952 |
|
|
|0 0
|1 4
|2 ddc
|4 0
|6 823_912000000000000_CON
|7 0
|9 2806
|a BRACUL
|b BRACUL
|c GEN
|d 2009-08-30
|g 0.00
|l 0
|o 823.912 CON
|p 3010010067
|r 2009-08-30
|t 1
|w 2009-08-30
|y BK
|x No price found in the accession register.
|